[Event "Horgen"]
[Site "Horgen"]
[Date "1995.10.24"]
[Round "4"]
[White "Vaganian, Rafael A"]
[Black "Short, Nigel D"]
[Result "0-1"]
[WhiteElo "2645"]
[BlackElo "2645"]
[Annotator "Dautov,R"]
[PlyCount "128"]
[EventDate "1995.10.??"]
[EventType "tourn"]
[EventRounds "11"]
[EventCountry "SUI"]
[EventCategory "17"]
[SourceTitle "CBM 050"]
[Source "ChessBase"]
[SourceDate "1996.02.01"]
[SourceVersion "1"]
[SourceVersionDate "1996.02.01"]
[SourceQuality "1"]

1. d4 {Baburin} Nf6 2. c4 e6 3. Nc3 Bb4 4. e3 c5 5. Bd3 Nc6 6. Nf3 Bxc3+ 7.
bxc3 d6 8. e4 e5 {Baburin: As this position is a "tabia" I am sure that it's
possible to find more examples, but the way Black played it is vey instructive.
} 9. d5 Ne7 10. Nh4 (10. h3 {Baburin} h6 11. Be3 Qa5 12. Qb3 Qc7 {
Kamsky-Karpov, Linares, 1991.}) 10... h6 11. O-O (11. g3 g5 12. Ng2 Bh3 $13) (
11. f4 Ng6 $10) 11... g5 12. Qf3 (12. Nf5 Nxf5 13. exf5 e4 14. Bc2 Bxf5 15. f3
Bg6 16. fxe4 Nd7 $15) 12... Nh7 {N} (12... Nfg8 13. Nf5 Bxf5 14. exf5 Nf6 15.
Qh3 Kd7 16. g3 Kc7 17. f4 e4 18. Be2 g4 19. Bxg4 h5 20. Bd1 Qd7 21. Qh4 Qxf5
$15 {Milanovic,D-Knezevic,Bor/JUG-chT (Cetinje) 1993}) (12... Ng6 {Baburin} 13.
Nxg6 fxg6 {Pisk-Rmik, Brno, 1994.}) 13. Nf5 Nxf5 14. exf5 Bd7 (14... Nf6 $5)
15. Rb1 b6 16. Bc2 Rb8 17. a4 a5 18. h4 Qf6 (18... gxh4 19. Bxh6 Qf6 20. Bd2
Kd8 $13 {/\Kc7,Ng5}) 19. hxg5 hxg5 20. Qg4 $1 (20. g4 $2 Qh6 21. Qg2 Nf6 $15)
20... Qh6 21. f3 Nf6 22. Qg3 (22. Qxg5 $4 Qh2+ 23. Kf2 Rg8 24. Qxf6 Rxg2+ 25.
Ke1 Rxc2 $19) 22... Rg8 23. Be3 Kd8 24. Kf2 Kc7 25. Rh1 Qg7 26. Rh2 (26. Ke2 g4
$1 27. f4 e4 $17) 26... Bc8 (26... g4 27. Bh6 Qh7 28. Bg5 Qg7 29. Bh6 $10) 27.
Rbh1 Ba6 28. Bb3 $2 (28. Bd3 $1 Nxd5 (28... Rbe8 29. Be2 g4 (29... e4 30. f4 g4
31. Rh6 $13 {/\Qh4}) 30. Rh6 gxf3 31. Qxg7 Rxg7 32. gxf3 Nd7 33. f6 $14) 29.
Rh7 Qf6 (29... Qf8 30. Bxg5 Nxc3 31. Qh4 $44) 30. R1h6 Qe7 31. cxd5 (31. Re6 $5
) 31... Bxd3 32. Re6 Qd7 33. Rf6 Rbf8 34. Qg4 $13) 28... Rbe8 $15 {[%csl Rf5]
><f5,Bb3} 29. Rh6 g4 {/\e4} 30. Kg1 $6 (30. Qh4 $4 gxf3 31. gxf3 Qg2+ 32. Ke1
Nxd5 $19 (32... Qxf3 $2 33. Rh3 $16)) (30. R1h2 $5) 30... e4 31. f4 (31. Bf4 $2
gxf3 32. Bxd6+ Kd7 33. Qxg7 Rxg7 34. Rxf6 Rxg2+ 35. Kf1 e3 $19) (31. fxg4 Qxg4
32. Qf2 Qg7 $17) 31... Nd7 $17 32. f6 (32. Bd2 e3 33. Be1 (33. f6 Nxf6 34. Bxe3
Ne4 $17) 33... Nf6 $17) 32... Nxf6 33. f5 Re5 34. Bf4 Rge8 $1 (34... Rxf5 35.
Bxd6+ Kb7 $17 {/\Nxd5}) 35. Qe3 (35. Bxe5 Rxe5 $17 {[%cal Ye4e2] /\e3-e2} 36.
Qf4 (36. Qe3 Rxf5 $17) 36... e3 37. Bc2 e2 38. Kf2 e1=Q+ 39. Rxe1 g3+ 40. Kf1
Nxd5 $19) 35... Rxf5 36. g3 Ree5 $1 {/\Nh5} 37. R1h2 (37. Bxe5 dxe5 38. Qd2 Rf3
$17) 37... Nh5 38. Bxe5 Qxe5 39. Rf2 Rf3 $19 40. Rxf3 gxf3 41. Rxh5 $8 Qxh5 42.
Qxe4 Bc8 43. Kf2 Qh2+ 44. Kxf3 Qh1+ 45. Ke3 (45. Kf4 Qc1+ 46. Qe3 $2 Qb1 47.
Qe7+ Bd7 $19) 45... Qe1+ 46. Kf3 (46. Kd3 Qxg3+ $19) 46... Qxc3+ 47. Qe3 Qb2
48. Bd1 Bd7 {[%csl Ra4,Rc4] ><a4,c4} 49. Qe2 Qh8 50. g4 Qh3+ 51. Kf4 f6 52. Bc2
Qc3 53. Bd1 Kd8 54. Qc2 Qd4+ 55. Kg3 Qg1+ 56. Kf4 Qf1+ 57. Ke3 (57. Bf3 Qa1 58.
Bd1 Qe5+ 59. Kf3 Kc7 60. Qd3 Qg5 61. Qe4 f5 62. gxf5 Bxf5 63. Qf4 Qh5+ 64. Kg3
Qxd1 65. Qxf5 Qxa4 $19) 57... Qh3+ 58. Kf4 Qh4 59. Bf3 f5 60. Qd1 Kc7 61. Be2
fxg4 62. Bxg4 Qf6+ 63. Kg3 Qc3+ 64. Kg2 Qxc4 0-1

[Event "Tilburg"]
[Site "Tilburg"]
[Date "1994.??.??"]
[Round "1"]
[White "Rogers, Ian"]
[Black "Yudasin, Leonid"]
[Result "1/2-1/2"]
[WhiteElo "2560"]
[BlackElo "2625"]
[Annotator "Dautov,R"]
[PlyCount "69"]
[EventDate "1994.09.??"]
[EventType "k.o."]
[EventRounds "7"]
[EventCountry "NED"]
[SourceTitle "CBM 044"]
[Source "ChessBase"]
[SourceDate "1995.02.01"]
[SourceVersion "1"]
[SourceVersionDate "1995.02.01"]
[SourceQuality "1"]

1. d4 Nf6 2. c4 e6 3. Nc3 Bb4 4. e3 c5 5. Bd3 Nc6 6. Nge2 cxd4 7. exd4 d5 8.
cxd5 Qxd5 9. O-O Qh5 10. Ne4 Nxe4 11. Bxe4 Bd6 12. Bf4 Bxf4 13. Nxf4 Qxd1 14.
Rfxd1 Bd7 15. Nd3 (15. d5 exd5 16. Nxd5 O-O-O $10 {Ivanchuk}) 15... Rc8 (15...
O-O-O 16. Rac1 Kb8 17. Nc5 Be8 18. d5 exd5 19. Bxd5 $14) 16. Nc5 {N} (16. d5
exd5 (16... Nd8 $6 17. dxe6 (17. Ne5 exd5 18. Bxd5 Be6 19. Bxe6 Nxe6 $10) 17...
Bxe6 18. Nf4 Ke7 19. Nxe6 Kxe6 20. Rd3 $16) 17. Bxd5 b6 (17... O-O 18. Nc5 Rc7
19. Nxd7 Rxd7 20. Bxc6 Rxd1+ 21. Rxd1 bxc6 22. Rd7 $16) 18. Re1+ Kf8 19. Rad1
g6 20. Ne5 Nxe5 21. Rxe5 f6 $5 (21... Re8 $2 22. Rxe8+ Bxe8 23. Rc1 Ke7 24. Rc8
Rf8 25. Ra8 a5 26. Ra6 Kd6 27. Bb3 $18 {Ivanchuk-Hellers/Bagio City/1987}) (
21... Rc7 22. h3 Bc8 23. Rde1 Bb7 24. Bb3 h5 25. Re8+ Kg7 26. R8e7 $16) 22. Re3
h5 23. h3 (23. Be4 Be8) (23. Be6 Bxe6 24. Rxe6 Kf7 $10) 23... Rh7 $10) 16... b6
17. Nxd7 Kxd7 18. d5 Ne7 19. dxe6+ Kxe6 20. Rd3 $1 Rhd8 $2 (20... f5 $5 21. Bb7
(21. Bf3 Rhd8 22. Re1+ Kf7 $10) 21... Rcd8 22. Re1+ Kf7 23. Rde3 Rd7 24. Ba6
Rhd8 25. Bc4+ Kf8 26. h4 $14) 21. Re1 $1 Rxd3 (21... Kf6 $2 22. Rf3+ $18) 22.
Bxh7+ Re3 23. Rxe3+ Kf6 24. Rf3+ (24. Bd3 Rc1+ 25. Bf1 Rb1) 24... Ke6 25. Bd3
Rc1+ 26. Bf1 Nd5 (26... Rb1 27. g3 Rxb2 $2 28. Bc4+ Nd5 $2 29. Rd3 $18) 27. g3
$16 Rb1 (27... Rc2 28. Rb3 $16) 28. Rb3 (28. Ra3 $5 Rxb2 29. Rxa7 b5 $14 {/\Nc3
}) 28... a6 29. Kg2 $6 (29. a4 $1 Ra1 30. Ra3 Rb1 (30... Rxa3 31. bxa3 a5 32.
Bc4 $16) 31. Kg2 Rxb2 (31... a5 32. Bc4) 32. Bxa6 $16) 29... b5 {/\Nb6-a4} 30.
Be2 (30. Bd3 $5) 30... Nb6 31. Bd3 Rc1 32. h4 (32. Ra3 Na4 33. b3 $2 Rc3) 32...
Na4 33. g4 (33. Kf3 $4 Nc5 34. Ra3 b4 $19) 33... Ke5 34. Rb4 Nc5 35. Be2 (35.
f4+ $5 Kd5 36. Be2 Ne6 $1 (36... Rc2 37. Kf3 Ne6 (37... Na4 38. Bd1 Rxb2 39.
Rxb2 Nxb2 40. Bb3+ Nc4 41. h5 $18) 38. Ke3 Kc5 39. a3 Nc7 40. Kd3 Rc1 41. Bf3
$16) 37. Bf3+ Kc5 38. Re4 Rc2+ 39. Kg3 Rxb2 40. f5 Nd4 41. Re5+ Kb4 42. Bd5 f6
43. Re7 Ne2+ 44. Kf3 Nd4+ $10 {/\} 45. Kf4 Rf2+ 46. Kg3 Rxf5 $1) (35. Be2 Ne6
$1 $132 (35... Rc2 36. f4+ Kd6 37. Kf3 Na4 38. Rd4+ Ke7 39. Bd1 Rxb2 40. Bxa4
bxa4 41. Rxa4 $16)) 1/2-1/2

[Event "FRA-ch 87th"]
[Site "Pau"]
[Date "2012.08.22"]
[Round "9"]
[White "Edouard, Romain"]
[Black "Tkachiev, Vladislav"]
[Result "1-0"]
[WhiteElo "2652"]
[BlackElo "2644"]
[Annotator "Edouard,R"]
[PlyCount "101"]
[EventDate "2012.08.13"]
[EventType "tourn"]
[EventRounds "11"]
[EventCountry "FRA"]
[EventCategory "15"]
[SourceTitle "CBM 150"]
[Source "ChessBase"]
[SourceDate "2012.09.14"]
[SourceVersion "1"]
[SourceVersionDate "2012.09.14"]
[SourceQuality "1"]

1. d4 Nf6 2. c4 e6 3. Nc3 Bb4 4. e3 O-O 5. Bd3 c5 6. Nf3 Nc6 7. O-O Bxc3 (7...
d5 {is the main line.}) 8. bxc3 d6 9. e4 e5 10. d5 Ne7 11. Nh4 Kh8 $5 {A new
idea played by Grischuk in a rapid game in 2012 - that I didn't know! Black
does not create any weakness and leaves the g8-square free for the f6-knight,
in order to threaten ...f5 and create tactical ideas out of the knight on h4.}
(11... h6 {or}) (11... Ng6 {are the two main moves.}) 12. g3 $5 (12. f4 exf4
13. Bxf4 Ng4 $1 {followed by ...Ne5 should be fine for Black.}) 12... Bh3 $6 {
I don't think this this can be a good reaction: of course Black needs to
control the white squares after 12.g3, but the bishop will often be misplaced
on h3, especially due to Qh5-ideas when the black knight will move from f6.
Additionally, Re1 is a very useful move for White.} 13. Re1 Qd7 $146 (13...
Nfg8 14. f4 exf4 15. Bxf4 $1 {was very bad for Black in Gelfand-Grischuk (2012)
. Indeed, Black doesn't have the time or opportunity to put a knight on e5.})
14. f3 $5 {Now it is time to take advantage of the misplaced black bishop,
instead of giving up all the white squares by pushing f4 like crazy!} (14. f4
Ng6 $1 {is very good for Black:} 15. Ng2 $6 (15. Nxg6+ fxg6 $1 $36) 15... exf4
16. gxf4 Rae8 17. e5 $2 dxe5 18. Bxg6 fxg6 19. fxe5 Ng4 20. e6 Qd6 $19) 14...
Nfg8 (14... Ng6 15. Nf5 Ne7 16. Qc2 {is better for White.}) 15. g4 {Of course
my two last moves, strategically risky, took me a lot of time. But I was
considering my position to be clearly better according to concrete lines,
while I was considering 15...h5 to be the only move. However, after Vlad
played 15...Ng6, I just forgot my idea and felt like I had to exchange knights!
} Ng6 (15... h5 16. gxh5 Nf6 (16... f5 $6 17. exf5 $16) 17. f4 $1 Bg4 $140 18.
Be2 Bxe2 19. Qxe2 Qh3 20. fxe5 Qxh4 21. exf6 gxf6 22. Kh1 Rg8 23. Rf1 Rg4 24.
Qe3 $16) (15... Qd8 $2 16. Kf2 $1 Nxd5 17. Kg3 $18) (15... g6 $2 16. Kf2 $1 f5
17. Kg3 $18) 16. Nxg6+ $2 (16. Nf5 $1 Nf4 (16... h5 17. Kh1 $1 (17. gxh5 Bxf5
18. exf5 Nh4 19. f4 e4 20. Bxe4 Rae8 21. Bd2 {should be a bit better for White
- but totally playable for Black.}) 17... N8e7 18. Qe2 $5 (18. Rg1 Nf4 {
might be not so clear because of} 19. Rg3 Neg6 $1) 18... Nf4 (18... Rae8 19.
Qf2 $1 hxg4 20. Qg3 $18) 19. Bxf4 exf4 20. e5 $18) 17. Bxf4 exf4 18. Qd2 g6 {
And here, for some pretty weird reason, I simply forgot I hadn't planned to go
19.Nh4 (which is OK for Black after 19...Qe7), but simply to take on f4 -
which is winning. That's why I suddenly decided to take on g6.} (18... g5 19.
e5 $18) 19. Qxf4 $1 (19. Nxd6 $5 Qxd6 20. e5 Qd8 21. Qxf4 Qh4 22. Qg3 $16) (19.
e5 $5 dxe5 20. Rxe5 f6 21. Re6 gxf5 22. Bxf5 {is offered by the engine.}) 19...
gxf5 20. exf5 $16 {[%csl Rh3]}) 16... fxg6 17. Kh1 h5 (17... Nf6 {was best in
my view:} 18. Rg1 h5 19. gxh5 (19. g5 Ne8 {should hold for Black: White's only
idea is to push f4 at some point, which is not so easy.}) 19... Nxh5 (19...
gxh5 20. Be3 {is similar to the game.}) 20. Rxg6 Rf6 $1 (20... Qf7 $6 21. Rg5
$14) 21. Rg5 (21. Rxf6 $2 gxf6 {followed by ...Rg8 and Black is better.}) 21...
Qf7 {and Black has decent compensations.}) 18. gxh5 Qf7 19. Be2 gxh5 20. Rg1 {
Black's position is very tough to play - especially in time trouble.} Nf6 21.
Qe1 Nh7 $6 (21... Bd7 {followed by ...Be8 should be a better way to defend.})
22. Qh4 Bd7 23. Be3 g6 $6 {That's already too many weaknesses.} 24. Raf1 Qf6
25. Qg3 Rg8 26. h4 $5 (26. f4 h4 27. Qe1 $1 {was also very strong.}) 26... Qe7
27. f4 Rae8 $8 (27... exf4 $2 28. Bxf4 Qxe4+ 29. Bf3 $18) 28. fxe5 dxe5 $8 (
28... Qxe5 29. Qxe5+ (29. Bf4 $5 Qxe4+ 30. Rg2) 29... Rxe5 30. Bf4 $140 Rxe4
31. Bd3 $18) 29. Kh2 $5 (29. Bh6 {would leave} Nf6 {with the idea of} 30. Bg5
$2 Nxe4 $132) 29... b6 30. Bh6 {Now Black has no way to defend at all.} Ba4 (
30... Nf6 $2 31. Bg5 Nxe4 $2 32. Bxe7 Nxg3 33. Bf6+ $18) 31. Rf2 Bc2 32. Rgf1
Bxe4 33. Rf7 Qd8 34. Bxh5 $2 {I thought taking on h5 followed by Bg4-e6 would
mate immediately, and forgot to spend time on 34.Rxh7+, which is very easy to
calculate. A big mistake from my point of view, since after playing moves 34
and 35 instantly, I realised I had given up a huge part of my advantage
because of 35...Bf5!} (34. Rxh7+ $1 Kxh7 35. Rf7+ Kxh6 (35... Kh8 36. Bg5 $18)
36. Qe3+ g5 37. Qxe4 Rg7 (37... Rg6 38. Qf3 $18) 38. Bd3 $1 $18) 34... Re7 35.
Bg4 $2 {Of course I immediately realised I had suddenly allowed my opponent to
go ...Bf5, which would be impossible otherwise.} (35. Bd1 Qc7 36. Rxe7 Qxe7 37.
Re1 $18) 35... Bf5 $8 36. Rxe7 Qxe7 37. Bh3 $1 Bxh3 (37... e4 38. Bf4 $18) 38.
Kxh3 g5 {A normal reaction with 30 seconds on the clock and a tough position.}
39. hxg5 $6 {I considered the rook endgame should be winning for White - but
it was not the simplest choice.} (39. Rf5 $1 gxh4 40. Qxe5+ Qxe5 41. Rxe5 {
should win easily.}) 39... Nxg5+ 40. Bxg5 Rxg5 (40... Qxg5 41. Qxg5 Rxg5 {
would have the advantage of cutting off the white king, but after} 42. Kh4 $1
Rg7 43. Rf5 {it might not change too much: Black has a problem that all pawn
endings are lost if his king cannot reach the f6-square.}) 41. Qh4+ Kg8 $8 (
41... Kg7 42. Rf5 Kg6 43. d6 $18) 42. Rf5 Rg7 43. Qxe7 Rxe7 44. Kg3 e4 45. Kf2
Rh7 $2 {A typical idea, but losing by force for one tempo here.} (45... e3+ 46.
Ke2 Re4 47. Rf3 Rh4 $1 {was, I think, the best defence, but after} 48. Rxe3 Kf7
49. Kd3 {White should be winning anyway.}) 46. Ke3 Rh3+ 47. Kxe4 Rxc3 48. d6
Rxc4+ 49. Kd5 Rd4+ 50. Kc6 c4 51. d7 (51. d7 c3 52. Rd5 Rxd5 53. Kxd5 c2 54.
d8=Q+ $18) 1-0

[Event "Olympiad-40"]
[Site "Istanbul"]
[Date "2012.08.31"]
[Round "4.3"]
[White "Edouard, Romain"]
[Black "Short, Nigel D"]
[Result "1/2-1/2"]
[WhiteElo "2652"]
[BlackElo "2698"]
[Annotator "Edouard,R"]
[PlyCount "109"]
[EventDate "2012.08.28"]
[EventType "team-swiss"]
[EventRounds "11"]
[EventCountry "TUR"]
[SourceTitle "CBM 151"]
[Source "ChessBase"]
[SourceDate "2012.11.13"]
[SourceVersion "1"]
[SourceVersionDate "2012.11.13"]
[SourceQuality "1"]
[WhiteTeam "France"]
[BlackTeam "England"]
[WhiteTeamCountry "FRA"]
[BlackTeamCountry "ENG"]

1. d4 Nf6 2. c4 e6 3. Nc3 Bb4 4. e3 c5 5. Bd3 Nc6 6. Nf3 Bxc3+ 7. bxc3 d6 8.
O-O (8. e4 e5 9. d5 Ne7 10. Nh4 h6 $1 {is good for Black. This is the clever
point, from Black's point of view, of playing this system without including
castling by both sides.}) 8... e5 9. Nd2 O-O 10. Rb1 $5 b6 (10... Re8 {was
played by Nigel in 1996, but he lost the game to Bareev.}) (10... exd4 11. exd4
cxd4 12. cxd4 Nxd4 13. Ne4 {is very good for White.}) 11. Qc2 (11. h3 $5 {
played by Korobov in 2010 also makes sense.}) (11. d5 Ne7 12. Qc2 g6 13. f4 $6
exf4 14. h3 $6 Nf5 15. Bxf5 Bxf5 16. e4 Bd7 17. Rxf4 Qe7 {was better for Black
in Laznicka,V (2693)-Ivanchuk,V (2764) Havana CUB 2012 (Black won).}) 11...
exd4 12. exd4 (12. cxd4 Nb4 13. Rxb4 cxb4 {is a typical exchange sac for White
in this Rb1-line, but in this precise position I believe the compensation is
not sufficient.}) 12... h6 $5 {A good and solid option.} (12... cxd4 13. Ne4 $1
{is the whole idea, and Black has some problems to solve.}) 13. Ne4 Bb7 14. Rd1
$5 (14. dxc5 {was my first idea but after} Nxe4 15. Bxe4 dxc5 {Black will play
...Qf6 next, and solve all his problems.}) 14... cxd4 (14... Nxe4 15. Bxe4 Qf6
{is also decent. The position is equal.}) 15. Ba3 Nxe4 16. Bxe4 Na5 $1 17. Bxb7
(17. Rxd4 Bxe4 18. Qxe4 $6 Nxc4 $1 {was what I missed when I played 14.Rd1.
Black is even slightly better.}) 17... Nxb7 (17... d3 18. Qxd3 Nxb7 19. Bxd6
Re8 $5 {is surely enough to make a draw.}) 18. cxd4 Qc7 19. Rbc1 Rfe8 20. Qa4
Re4 (20... Re2 21. Re1 Rxe1+ (21... Rxa2 {is not refuted immediately, but is
too great risk in return for nothing, especially since White has as a minimum
the perpetual with} 22. Qb3 Rd2 23. Qe3 Ra2 24. Qb3 $11) 22. Rxe1 Na5 23. Rc1
Rc8 $11) 21. h3 Na5 22. Qb5 Rd8 23. c5 {In a little time trouble, I decided to
simplify the position, but my opponent reacted well, keeping all pieces on the
board.} d5 $5 (23... dxc5 24. dxc5 Rxd1+ 25. Rxd1 Nc4 $11 (25... Qe5 $6 26. Qb1
$36)) 24. Re1 Qc6 (24... Rxe1+ 25. Rxe1 Nc4 26. Bb4 $5 $11) 25. Qxc6 (25. Qa6
$5 {is about equal. But I decided to play simple and try to make a draw by
force, since I considered my position could become a bit dangerous.}) 25...
Rxe1+ 26. Rxe1 Nxc6 27. cxb6 axb6 28. Rb1 Ra8 29. Rxb6 Nxd4 30. Bb2 Nc2 {
The last couple of moves were forced, and now White has to find one of the
possible defences.} 31. Rc6 ({White gives a quite funny draw:} 31. Rd6 Rxa2 32.
Bc3 Ra3 33. Rd8+ Kh7 34. Rc8 $1 {and Black cannot avoid both Bb2 and Bxg7,
while} Ra2 35. Rd8 {is a draw.}) 31... Nb4 32. Rd6 {The least difficult
defence to see: but, worse than the two others.} (32. Rb6 $5 Nxa2 (32... Nd3
33. Rb3 $11) 33. Rb5 Rd8 34. Bd4 {followed by Kf1 is a draw.}) 32... Rxa2 33.
Bc3 Nd3 34. Rd8+ (34. Rxd5 Nxf2 35. Rd4 {is more or less the same.}) 34... Kh7
35. Rxd5 Nxf2 (35... Nf4 {was another option, which wouldn't have been
possible if I did not give check on d8 first, but anyway after} 36. Rc5 Rxf2 $5
37. Kxf2 Nd3+ 38. Kf3 Nxc5 {White should make a draw quite easily, playing for
example} 39. g4 {followed by h4.}) 36. Rd4 {Trapping Black's knight.} (36. Rd2
{is possible, but I believed with my passive king on g1, Black would have some
slight chances, While the rook ending is just a draw.}) 36... Re2 $8 37. Kf1
Re3 38. Kxf2 Rxc3 39. Rd7 Kg6 40. Rd4 f5 41. Rd6+ Kg5 42. Rd7 g6 43. Rd6 f4 44.
Rd5+ Kh4 (44... Kf6 45. Rd6+ Kf5 46. Ra6 {is quite an easy draw.}) 45. Rd6 Rg3
46. Rf6 Kg5 47. Rf8 Rb3 48. Rf7 h5 49. Rf8 Rb2+ 50. Kf3 Rb3+ 51. Kf2 Rb5 52.
Kf3 Rf5 53. h4+ $1 Kxh4 54. Rxf5 gxf5 55. Kxf4 {After which Nigel, with his
usual humour, declared: "It's amazing! I don't have any moves!".} 1/2-1/2

[Event "San Martin"]
[Site "San Martin"]
[Date "1994.??.??"]
[Round "3"]
[White "Slipak, Sergio"]
[Black "Zarnicki, Pablo Adrian"]
[Result "1/2-1/2"]
[WhiteElo "2460"]
[BlackElo "2435"]
[Annotator "Endgame-CD"]
[PlyCount "122"]
[EventDate "1994.04.??"]
[EventType "tourn"]
[EventRounds "11"]
[EventCountry "ARG"]
[EventCategory "9"]
[SourceTitle "CBM 042"]
[Source "ChessBase"]
[SourceDate "1994.10.01"]
[SourceVersion "1"]
[SourceVersionDate "1994.10.01"]
[SourceQuality "1"]

1. d4 Nf6 2. c4 e6 3. Nc3 Bb4 4. e3 c5 5. Bd3 Nc6 6. Nf3 Bxc3+ 7. bxc3 d6 8.
O-O e5 9. Ng5 O-O 10. f4 exd4 11. cxd4 cxd4 12. exd4 h6 13. Nf3 d5 14. Ne5 dxc4
15. Bxc4 Be6 16. Bxe6 fxe6 17. Ba3 Re8 18. Rb1 Qd5 19. Qa4 Nxd4 20. Kh1 Rec8
21. Ng6 Nf5 22. Qb3 Kh7 23. Ne7 Qxb3 24. Rxb3 Rc7 25. Nxf5 exf5 26. Bb2 Ne4 27.
Rb5 Rd8 28. Rxf5 Rd2 29. Be5 Rcc2 30. Rf7 Rxg2 31. f5 Rg5 32. Bd4 Nd2 33. Rg1
Rxg1+ 34. Bxg1 Nf3 35. Rxb7 Kg8 36. Rb3 Nxg1 37. Kxg1 Rxa2 38. Rb7 a5 39. Ra7
a4 40. h3 a3 41. Kf1 Kf8 42. Ke1 h5 43. Kf1 Ke8 44. Ke1 h4 45. Kf1 Kd8 46. Ke1
Kc8 47. Kd1 Kb8 48. Ra4 Kc7 49. Kc1 Kd6 50. Kb1 Rg2 51. Rxa3 Rg3 52. Ra4 Rxh3
53. Rg4 Ke5 54. Rxg7 Kxf5 55. Kc2 Kf4 $2 $10 (55... Ra3 $142 $19 {14} 56. Kb2 (
56. Kd2 h3 57. Ke2 h2 58. Rh7 Ra1 59. Rxh2 Ra2+ 60. Kf3 Rxh2 $19) 56... Rf3 57.
Kc2 h3 $1 58. Rh7 Kf4 59. Kd2 Kg3 $1 60. Ke2 Kg2 61. Rg7+ Rg3 62. Rf7 h2 63.
Rf2+ Kh3 $1 64. Rf1 Rg1 $19) (55... Rh1 $142 $19 {20}) 56. Kd2 Kf3 57. Rf7+ $1
(57. Rh7 $2 $19 {19} Rh2+ $1 58. Ke1 Rh1+ 59. Kd2 h3 60. Rf7+ Ke4 61. Ke2 h2
62. Rh7 Ra1 $1 $19) 57... Kg2 58. Ke2 Rg3 59. Rf2+ (59. Ke1 $2 Re3+ 60. Kd2 Rf3
61. Rg7+ Kf1 62. Rh7 h3 63. Kd1 Kg2 64. Ke2 Rg3 65. Rf7 h2 66. Rf2+ Kh3 $1 $19)
59... Kg1 60. Rf1+ Kh2 61. Rf8 h3 (61... h3 62. Rf7 (62. Rh8 $2 Kg2 63. Rf8 h2
64. Rf2+ Kh3 $1 $19) 62... Kh1 63. Rf8 h2 64. Kf1 $1 $10 (64. Rf7 Kg2 65. Rf2+
Kh3 $1 $19) 64... Rg1+ 65. Kf2 $1 $10 (65. Ke2 $2 Kg2 $1 $19)) 1/2-1/2